1569 1946 1070 1836 1956 1388 1126 1758 1479 1446 1177 1861 1542 1253 1849 1868 1543 1541 1330 1370 1779 1061 1930 1539 1401 1695 1401 1389 1356 1808 1180 1622 1489 1336 1540 1105 1464 1223 1987 1801 1747 1965 1051 1089 1997 1613 1573 1900 1398 1881 1942 1255 1153 1799 1240 1526 1095 1134 1845 1555 1121 1018 1402 1756 1153 1738 1623 1500 1471 1915 1898 1698 1932 1140 1055 1618 1862 1872 1553 1064 1264 1801 1794 1663 1599 1976 1018 1491 1505 1726 1325 1739 1979 1451 1238 1238 1317 1390 1340 BCNSPRNW ULIB Ver.6.0+V

เปลี่ยนเป็นภาษาไทย

Change to English
 แสดงรายละเอียดบรรณานุกรม
  กลับหน้าหลัก

Brief Record : Get Marc (ISO 2709) : E-mail record : QR code < ปิดหน้าต่าง
LEADER : 00000nam 2200000uu 4500
001    13399108021
003     ULIB
008    110215s2543||||th 000 0 tha d
020    9747703319
060 04 QU145^bอ734ภ 2543
100 1  ดอยล์, เวนดี้
245 10 โภชนาการสำหรับแม่และเด็ก =^bHeathy mum : healthy baby /^cWendy Doyle, แปลและเรียบเรียงโดย อินทิรา ปัทมินทร
246 31 Heathy mum : healthy baby
250    พิมพ์ครั้งที่ 2
260    กรุงเทพฯ :^bข้าวฟ่าง,^c2543
300    168 หน้า :^bภาพประกอบ ;^c21 ซม.
500    แปลจาก: Healthy mum : healthy baby
650  7 โภชนาการ^xในระยะตั้งครรภ์
650  7 เด็ก^xโภชนาการ
700 0  อินทิรา ปัทมินทร,^eผู้แปล
945    ^p90^l0^i012606
945    ^p90^l0^i012607
995    ทศพร
999 ^a ใช้งานได้ทุกระบบ
รายการนี้ยังไม่มีแท็ก
คุณยังไม่ได้ล็อกอิน คุณสามารถมีกิจกรรมร่วมกับเว็บไซต์ได้ แต่ต้องล็อกอินก่อน ::
  ล็อกอิน

รายการสื่อสารสนเทศ

ลำดับที่ ประเภท เลขเรียก/บาร์โค้ด สถานที่ สถานะ
- ไม่พบข้อมูล -

BibComment


ยังไม่เคยถูกคอมเมนท์

คอมเมนท์ทรัพยากรรายการนี้
  คอมเมนท์: โภชนาการสำหรับแม่..


 Copyright 2026. Bcnsprnw @Library